|
|
|
|
| LEADER |
00000nam a22000007a 4500 |
| 005 |
20190714154815.0 |
| 007 |
cr|||| ||| |
| 008 |
190714s2018 es |||||s|||| 00||0 spa d |
| 020 |
|
|
|a 978-84-1324-051-0
|
| 035 |
|
|
|a 23783
|
| 040 |
|
|
|a vLex
|
| 090 |
|
|
|c 9036
|d 9036
|
| 100 |
1 |
|
|a Moreno Rebato, Mar
|
| 245 |
1 |
0 |
|a Dislexia
|h [Recurso electrn̤ico] :
|b rǧimen jurd̕ico /
|c Mar Moreno Rebato
|
| 256 |
|
|
|a Servicio en ln̕ea
|
| 260 |
|
|
|a Madrid:
|b Dykinson,
|c 2018
|
| 300 |
|
|
|a 1 recurso electrn̤ico
|
| 506 |
1 |
|
|a Disponible solo en los productos indicados
|d vLex Global
|d vLex Global (Academic Edition, excluding Law Schools)
|d vLex Global (U.S. Academic Edition, Law Schools)
|d vLex Global (U.S. Academic Edition, excluding Law Schools)
|d vLex Global (Academic Edition, Law Schools)
|
| 650 |
0 |
4 |
|a Derecho Pb︢lico y Administrativo
|z Espaą
|
| 740 |
0 |
|
|a vLex Libros (Servicio en ln̕ea)
|
| 856 |
4 |
0 |
|u http://vlex.com/source/dislexia-regimen-juridico-23783
|z Acceso restringido
|
| 942 |
|
|
|c BOOK
|
| 999 |
0 |
|
|a Public and Administrative Law
|